000 01366cam a2200325 a 4500
003 EG-GiCUC
008 150321s1999 ua g 000 0 ara d
017 _a1999/10029
_bمصر.دار الكتب
040 _aEG-GiCUC
_bara
_cEG-GiCUC
041 1 _aara
_heng
092 0 4 _a398.03
_bH9178 1999
_221
099 _a04
_a398.03 H9178 1999
100 1 _aهولتكرانس : ايكه
245 1 0 _aقاموس مصطلحات الاثنولوجيا والفولكلور /
_c تأليف ايكه هولتكرانس ؛ ترجمة محمد الجوهرى : حسن الشامى
250 _aط2
260 _aالقاهرة :
_bالهيئة العامة لقصور الثقافة :
_c1999
300 _a413 :16ص؛
_c سم 24
440 0 _aذاكرة الكتابة ؛
_v9
504 _aيشتمل على ارجاعات ببليوجرافية
546 _aالترجمة العربية لـ : International Dictionary of regional european Ethnology and Folklore
650 7 _aالفولكلور
_xمعاجم
_2qrmak
700 1 _aالجوهرى : محمد
700 1 _aالشامى :حسن
830 0 _aذاكرة الكتابة ؛
_v9
902 _a1
905 _aابراهيم
_eمراجع
905 _aنهى
_eمدخل
942 _2ddc
_cREF
999 _c138444
_d138444